000 01030nam2a2200241 4500
001 RU\NLR\BIBL_A\012671499
005 20230605120425.0
010 _a978-5-17-106354-2
_93000
021 _aRU
_bКН-П-20-083979
_9КН-П-20-4351
035 _a(NLR Aleph) 012671499
090 _a12786346
_c12786346
100 _a20211220d2021 u y0rusy50 ca
101 0 _arus
102 _aRU
105 _ay|||z|||000ay
200 1 _aГород праха
_f[пер. с англ. Е. Алексеевой]
210 _d2021
215 _a510, [2] с.
461 0 _1001RU\NLR\BIBL_A\012455209
_12001#$aОрудия смерти$e[роман]$fКассандра Клэр$g[пер. с англ. О. Акопян]$vКн. 2
_1700#1$aКлэр$bК.$f1973-$gКассандра$3RU\NLR\AUTH\7793709
_911995381
_aКлэр, К. (1973-)
_cМосква
_d2020
_fКассандра Клэр
_nАСТ
_o[роман]
_tОрудия смерти
_vКн. 2
942 _cBOOK
980 _aNB